Democracia deliberativa y salud pb︢lica

Bibliographic Details
Main Author: Gm̤ez Gutiřrez, Luis Fernando
Format: eBook
Language:Spanish
Published: Bogot:̀ Pontificia Universidad Javeriana, 2017
Subjects:
Online Access:Acceso restringido

MARC

LEADER 00000nam a22000007a 4500
005 20201204221111.0
007 cr|||| ||||
008 201204s2017 co |||||s|||| 00||0 spa d
020 |a 978-958-781-161-2 
035 |a 32329 
040 |a vLex 
090 |c 10925  |d 10925 
100 1 |a Gm̤ez Gutiřrez, Luis Fernando 
245 1 0 |a Democracia deliberativa y salud pb︢lica  |h [Recurso electrn̤ico] /  |c Luis Fernando Gm̤ez Gutiřrez 
256 |a Servicio en ln̕ea 
260 |a Bogot:̀  |b Pontificia Universidad Javeriana,  |c 2017 
300 |a 1 recurso electrn̤ico 
500 |a Los movimientos sociales han tenido un papel relevante en la disciplina y prc̀tica social de la salud al legitimar acciones polt̕icas que mejoran las condiciones de vida. Sin embargo, el ejercicio de la salud pb︢lica suele caer en enfoques prescriptivos que omiten la relevancia de las discusiones ťicas y morales que se dan en la esfera pb︢lica. La democracia deliberativa permite que la salud pb︢lica supere estas limitaciones al desatar el potencial crt̕ico que tienen las argumentaciones pb︢licas. El libro propone que los actores comprometidos con la salud deban generar foros permanentes de deliberacin̤ acerca de los desafo̕s a los que se enfrenta la sociedad en materia de salud. 
506 1 |a Disponible solo en los productos indicados  |d vLex Global  |d vLex Global (Academic Edition, excluding Law Schools)  |d vLex Global (U.S. Academic Edition, Law Schools)  |d vLex Global (U.S. Academic Edition, excluding Law Schools)  |d vLex Global (Academic Edition, Law Schools) 
650 0 4 |a Ciencias sociales  |z Colombia 
650 0 4 |a Ciencia polt̕ica  |z Colombia 
650 0 4 |a Humanidades  |z Colombia 
740 0 |a vLex Libros (Servicio en ln̕ea) 
856 4 0 |u http://vlex.com/source/democracia-deliberativa-y-salud-publica-32329  |z Acceso restringido 
942 |c BOOK 
999 0 |a Social Sciences 
999 0 |a Political science 
999 0 |a Humanities